ATLET SUKAN KELAS DUNIA

Bibliographic Details
Main Author: Ahmad Kamal Alias (Author)
Format: Book
Published: KUALA LUMPUR : Brainmax Enterprise [2016
Series:Mencorak gaya hidup cemerlang
Subjects:

MARC

LEADER 00000cam a2200000 7i4500
001 0000124817
005 20180108.0
008 180108s2016 my ao j 000 0 bm
020 |a 9789673820832 (set) 
020 |a 9789673820849 
040 |a PERPUSTAM   |b eng   |c PERPUSTAM   |e rda 
090 0 0 |a J 796   |b AHM 
100 1 |a Ahmad Kamal Alias ,   |e author 
245 1 0 |a ATLET SUKAN KELAS DUNIA   |c Ahmad Kamal Alias 
264 3 1 |a KUALA LUMPUR :   |b Brainmax Enterprise   |c [2016 
300 |a 48 pages :   |b colour photographs ;   |c 26 cm. 
336 |a text, rdacontent 
337 |a unmediated  |2 rdamedia 
338 |a volume  |2 rdacarrier 
490 1 |a Mencorak GAYA HIDUP Cemerlang 
650 1 0 |a Quality of life   |v Juvenile literature 
650 2 0 |a Athletes   |v Juvenile literature 
650 2 0 |a Conduct of life   |v Juvenile literature 
830 0 |a Mencorak gaya hidup cemerlang 
999 |a 0000477565   |b Buku   |c Koleksi Pinjaman Kanak-Kanak   |e Perbadanan Perpustakaan Awam Melaka 
999 |a 0000477566   |b Buku   |c Koleksi Pinjaman Kanak-Kanak   |e Perpustakaan Cawangan Jasin 
999 |a 0000477567   |b Buku   |c Koleksi Pinjaman Kanak-Kanak   |e Perpustakaan Cawangan Masjid Tanah 
999 |a 0000477568   |b Buku   |c Koleksi Pinjaman Kanak-Kanak   |e Perpustakaan Cawangan Merlimau 
999 |a 0000477569   |b Buku   |c Koleksi Pinjaman Kanak-Kanak   |e Perbadanan Perpustakaan Awam Melaka 
999 |a 0000477570   |b Buku   |c Koleksi Pinjaman Kanak-Kanak   |e Perbadanan Perpustakaan Awam Melaka 
999 |a 0000477571   |b Buku   |c Koleksi Pinjaman Kanak-Kanak   |e Perbadanan Perpustakaan Awam Melaka 
999 |a 0000477572   |b Buku   |c Koleksi Pinjaman Kanak-Kanak   |e Perbadanan Perpustakaan Awam Melaka 
999 |a 0000477573   |b Buku   |c Koleksi Pinjaman Kanak-Kanak   |e Perbadanan Perpustakaan Awam Melaka 
999 |a 0000477574   |b Buku   |c Koleksi Pinjaman Kanak-Kanak   |e Perbadanan Perpustakaan Awam Melaka